Soil fertility in relation to organic matter content (Record no. 72628)

MARC details
000 -LEADER
fixed length control field 00378nam a2200145Ia 4500
100 ## - MAIN ENTRY--AUTHOR NAME
Personal name Joseph M.
245 #0 - TITLE STATEMENT
Title Soil fertility in relation to organic matter content
260 ## - PUBLICATION, DISTRIBUTION, ETC. (IMPRINT)
Name of publisher Rubber
Year of publication 1995
300 ## - PHYSICAL DESCRIPTION
Number of Pages 5-Apr
650 ## - SUBJECT ADDED ENTRY--TOPICAL TERM
Topical Term Nutrient availability
650 ## - SUBJECT ADDED ENTRY--TOPICAL TERM
Topical Term Soil fertility
650 ## - SUBJECT ADDED ENTRY--TOPICAL TERM
Topical Term Soil organic matter
942 ## - ADDED ENTRY ELEMENTS (KOHA)
Koha item type Malayalam
Holdings
Withdrawn status Lost status Damaged status Not for loan Home library Current library Date acquired Serial Enumeration / chronology Koha item type
      Journals RRII Library RRII Library 29/12/2021 Volume 346, Issue Malayalam